A study of school transportation in the state of Idaho, 1937-38 and 1938-39. (Record no. 21678)
[ view plain ]
| 000 -LEADER | |
|---|---|
| fixed length control field | 01016cam a22002411 4500 |
| 001 - CONTROL NUMBER | |
| control field | e 40000003 |
| 003 - CONTROL NUMBER IDENTIFIER | |
| control field | DLC |
| 005 - DATE AND TIME OF LATEST TRANSACTION | |
| control field | 20260227111228.0 |
| 008 - FIXED-LENGTH DATA ELEMENTS--GENERAL INFORMATION | |
| fixed length control field | 880205s1939 idua t 000 0 eng c |
| 010 ## - LIBRARY OF CONGRESS CONTROL NUMBER | |
| LC control number | e 40000003 |
| 035 ## - SYSTEM CONTROL NUMBER | |
| System control number | (OCoLC)17435616 |
| 040 ## - CATALOGING SOURCE | |
| Original cataloging agency | U.S. Off. of Educ. Library |
| Transcribing agency | WaU |
| Modifying agency | WaU |
| -- | DLC |
| 042 ## - AUTHENTICATION CODE | |
| Authentication code | premarc |
| 050 00 - LIBRARY OF CONGRESS CALL NUMBER | |
| Classification number | LB2864 |
| Item number | .I25 1939 |
| 082 ## - DEWEY DECIMAL CLASSIFICATION NUMBER | |
| Classification number | 379.175209796 |
| 110 1# - MAIN ENTRY--CORPORATE NAME | |
| Corporate name or jurisdiction name as entry element | Idaho. |
| Subordinate unit | State Board of Education. |
| 245 12 - TITLE STATEMENT | |
| Title | A study of school transportation in the state of Idaho, 1937-38 and 1938-39. |
| Statement of responsibility, etc. | Sponsored by the State Department of Education. A Work Progress Administration Official Project #665-92-3-7. Work Progress Administration, O.K. Hine, state administrator ... State Department of Education, J.W. Condie, state superintendent ... |
| 260 ## - PUBLICATION, DISTRIBUTION, ETC. | |
| Place of publication, distribution, etc. | [Boise? |
| Date of publication, distribution, etc. | 1939] |
| 300 ## - PHYSICAL DESCRIPTION | |
| Extent | 2 p. l., 46 numb. l. incl. tables. |
| Dimensions | 22 x 28 cm. |
| 500 ## - GENERAL NOTE | |
| General note | Mimeographed. |
| 650 #0 - SUBJECT ADDED ENTRY--TOPICAL TERM | |
| Topical term or geographic name entry element | School children |
| General subdivision | Transportation. |
| 710 1# - ADDED ENTRY--CORPORATE NAME | |
| Corporate name or jurisdiction name as entry element | United States. |
| Subordinate unit | Work Projects Administration. |
| -- | Idaho. |
No items available.